The Complete Reference JavaServer Faces 2.0: The complete reference (Record no. 11917)

000 -LEADER
fixed length control field 00579nam a22001577a 4500
020 ## - INTERNATIONAL STANDARD BOOK NUMBER
International Standard Book Number 9780070703476
082 ## - DEWEY DECIMAL CLASSIFICATION NUMBER
Classification number 005.2762
100 ## - MAIN ENTRY--PERSONAL NAME
Personal name Burns, Ed
245 ## - TITLE STATEMENT
Title The Complete Reference JavaServer Faces 2.0: The complete reference
260 ## - PUBLICATION, DISTRIBUTION, ETC.
Place of publication, distribution, etc. New Delhi (India)
Name of publisher, distributor, etc. Tata McGraw Hill
Date of publication, distribution, etc. 2010
300 ## - PHYSICAL DESCRIPTION
Extent xxix, 722 p.
Other physical details ill:,
Accompanying material http://10.3.26.150:8080/cgi-bin/koha/cataloguing/addbiblio.pl?biblionumber=7821#
500 ## - GENERAL NOTE
General note Includes index.
650 ## - SUBJECT ADDED ENTRY--TOPICAL TERM
Topical term or geographic name entry element 1. JavaServer pages. 2. Web sites --Design. 3. Web site development.
700 ## - ADDED ENTRY--PERSONAL NAME
Personal name Schalk, Chris and Griffin Neil
942 ## - ADDED ENTRY ELEMENTS (KOHA)
Koha item type Book
Holdings
Withdrawn status Lost status Damaged status Not for loan Collection code Permanent Location Current Location Shelving location Date acquired Source of acquisition Cost, normal purchase price Total Checkouts Full call number Barcode Date last seen Price effective from Koha item type
          Central Library (CL) Central Library (CL) First Floor - Software Engineering/ Programming Language 05/30/2013 Allied Book Company 916.16   005.2762 BUR SEECS012360 06/11/2013 06/11/2013 Book
© 2023 Central Library, National University of Sciences and Technology. All Rights Reserved.